Renovación litúrgica, doctrina y comentarios (Record no. 126434)

MARC details
000 -LEADER
campo de control de longitud fija 00771nam a2200181 4500
001 - NÚMERO DE CONTROL
campo de control 126434
003 - IDENTIFICADOR DE NÚMERO DE CONTROL
campo de control ES-MaACL
005 - FECHA Y HORA DE LA ÚLTIMA TRANSACCIÓN
campo de control 20230906192823.0
007 - CAMPO FIJO DE DESCRIPCIÓN FÍSICA--INFORMACIÓN GENERAL
campo de control de longitud fija t|
008 - DATOS DE LONGITUD FIJA--INFORMACIÓN GENERAL
campo de control de longitud fija 070214s1965 sp r ||||1| spa d
245 00 - MENCIÓN DEL TÍTULO
Título Renovación litúrgica, doctrina y comentarios
Resto del título : Constitución Conciliar sobre la Sagrada Liturgia : Motu propio `Sacram liturgiam` : `Instrucción` para la aplicación de la Constitución de la Sagrada Liturgia /
Mención de responsabilidad, etc. comentarios... de Bonet... [et al.] ; [traducido y adaptado... por... D. Lope Rubio y D. José Vila].
260 ## - PUBLICACIÓN, DISTRIBUCIÓN, ETC.
Lugar de publicación, distribución, etc. Madrid [etc.] :
Nombre del editor, distribuidor, etc. Marova,
Fecha de publicación, distribución, etc. 1965.
300 ## - DESCRIPCIÓN FÍSICA
Extensión 489 p. ;
Dimensiones 19 cm.
700 1# - ENTRADA AGREGADA--NOMBRE PERSONAL
Nombre de persona Rubio Parrado, Lope.
9 (RLIN) 100436
700 1# - ENTRADA AGREGADA--NOMBRE PERSONAL
Nombre de persona Villa, José.
9 (RLIN) 114873
700 1# - ENTRADA AGREGADA--NOMBRE PERSONAL
Nombre de persona Bonet.
9 (RLIN) 30109
852 ## - LOCALIZACIÓN
Ubicación ES-MaACL
Número de control de estantería C-27721
Sublocalización o colección R.57106
Holdings
Estatus retirado Estado de pérdida Estado de daño No para préstamo Biblioteca de origen Biblioteca actual Ubicación en estantería Fecha de adquisición Fuente de adquisición Total de préstamos Signatura topográfica completa Código de barras Visto por última vez Precio de reemplazo Tipo de ítem Koha
        Biblioteca del Ateneo de Madrid Biblioteca del Ateneo de Madrid Depósito 2 17/01/2008     C-27721 1131689 23/02/2023 23/02/2023 Libro impreso